| 000 | 00398 a2200157 4500 | ||
|---|---|---|---|
| 082 | _a530RES | ||
| 090 |
_c9510 _d9510 |
||
| 100 | _aHalliday David ; Resnick | ||
| 245 |
_aPhysics, 5th Ed Volume II _cDavid Halliday ; Resnick |
||
| 250 | _a5 | ||
| 260 |
_aNY _bJohn Wiley & Sons, Inc _c2005 |
||
| 300 | _axiv, 678pp. | ||
| 500 | _aCFT textbook | ||
| 600 | _aResnick | ||
| 942 |
_aNUST-CAE _k530RES |
||
| 999 |
_c368643 _d368643 |
||